000 01338cam a22002531i 4500
003 SA-RiAUC
005 20251103131231.0
008 251015s1998 su f f000 0 ara c
020 _a9960032302
040 _aSA-JeALM
_bara
_cSA-RiAUC.
_erda
082 0 4 _a212.0712
_qSA-RiAUC
090 _a212.0712
_bح د ر
100 1 _aالحدري، خليل بن عبد الله بن عبد الرحمن
_eمؤلف.
245 1 2 _aالتربية الوقائية في الإسلام ومدى استفادة المدرسة الثانوية منها /
_cخليل بن عبد الله بن عبد الرحمن الحدري.
264 1 _aمكة المكرمة :
_bجامعة أم القرى، معهد البحوث العلمية وإحياء التراث الإسلامي،
_c1998
300 _a752 صفحة ؛
_c24 سم.
336 _aنص
_btxt
_2rdacontent
_3كتاب
337 _aبدون وسيط
_bn
_2rdamedia
490 1 _aالرسائل العلمية الموصى بطبعها ؛
_v18
650 7 _aالتربية الإسلامية
_xدراسة وتعليم (ثانوي)
_2aucsh
830 2 _aالرسائل العلمية الموصى بطبعها (جامعة أم القرى، معهد البحوث العلمية وإحياء التراث الإسلامي)
_v18
942 _2ddc
_cBOOK
_n0
949 _aSA-JeALM
_d251015
_uosman123
_n1
999 _c12983
_d12983